Obras completas de Platón

Kaydedildi:
Detaylı Bibliyografya
Yazar: Platón (Yazar)
Materyal Türü: Kitap
Dil:İspanyolca
Baskı/Yayın Bilgisi: Buenos Aires Anaconda 1946
Konular:
Etiketler: Etiketle
Etiket eklenmemiş, İlk siz ekleyin!

MARC

LEADER 00000nam a2200000 a 4500
001 UCY6410
003 CL-VaPUC
008 950526e19460000AG |||||||||||||||||spa|d
082 0 4 |a 184  |b PLA  |2 21 
100 0 |a Platón  |e author  |9 222 
245 1 0 |a Obras completas de Platón 
300 |a v 
942 |c BK 
945 |d 19950526 00:00:00  |a oaravena 
260 |a Buenos Aires  |b Anaconda  |c 1946 
650 0 |a Filosofía   |9 223554 
650 0 |a Filosofía antigua   |9 255705 
650 0 |a Filosofía del espíritu  |9 320175 
650 0 |a Política  |9 255312 
650 0 |a Ética  |9 255099 
651 0 |a Grecia  |9 265314 
583 |a last modification  |c 19950526 00:00:00  |k Rodrigo Vera 
999 |c 233975  |d 233973 
952 |0 0  |1 0  |4 0  |6 184_000000000000000_PLA_1946  |7 0  |8 P  |9 239861  |a BIBEDU  |b BIBEDU  |c BIBEDU_PB  |d 2019-11-18  |h v.1  |i 1509454  |o 184 PLA 1946  |p 1509454  |r 2024-01-25  |w 2019-11-18  |y BK  |k FIL 
952 |0 0  |1 0  |4 0  |6 184_000000000000000_PLA_1946  |7 0  |8 P  |9 239862  |a BIBEDU  |b BIBEDU  |c BIBEDU_PB  |d 2019-11-18  |h v.2  |i 1509462  |o 184 PLA 1946  |p 1509462  |r 2024-01-25  |w 2019-11-18  |y BK  |k FIL 
952 |0 0  |1 0  |4 0  |6 184_000000000000000_PLA_1946  |7 0  |8 P  |9 239863  |a BIBEDU  |b BIBEDU  |c BIBEDU_PB  |d 2019-11-18  |h v.3  |i 1509470  |o 184 PLA 1946  |p 1509470  |r 2024-01-25  |w 2019-11-18  |y BK  |k FIL 
952 |0 0  |1 0  |4 0  |6 184_000000000000000_PLA_1946  |7 0  |8 P  |9 239864  |a BIBEDU  |b BIBEDU  |c BIBEDU_PB  |d 2019-11-18  |h v.4  |i 1509489  |o 184 PLA 1946  |p 1509489  |r 2024-01-25  |w 2019-11-18  |y BK  |k FIL